Logo BPK

Biblioteka

Politechniki Koszalińskiej

Przewody elektryczne: budowa, własności, zastosowanie / (Rekord nr 20295)

Szczegóły MARC
000 -ETYKIETA REKORDU
podpole kontrolne o stałej długości 00491nam a2200169 i 4500
001 - NUMER KONTROLNY REKORDU
pole kontrolne bg
040 ## - ŹRÓDŁO KATALOGOWANIA
Instytucja, która utworzyła rekord BPK
041 ## - KOD JĘZYKA
Kod języka tekstu pol
008 - POLE O STAŁEJ DŁUGOŚCI - DANE KONTROLNE
podpole kontrolne o stałej długości s pl f |000 0 pol
100 1# - NAZWA OSOBOWA
Nazwa osobowa SKARZYŃSKI, Tadeusz.
245 #0 - TYTUŁ/ODPOWIEDZIALNOŚĆ
Tytuł Przewody elektryczne: budowa, własności, zastosowanie /
Pozostałe elementy strefy tytułu i oznaczenia odpowiedzialności Tadeusz Skarzyński, Henryk Kończykowski Z.Koteraz.
250 ## - STREFA WYDANIA
Oznaczenie wydania Wyd.2 zmien. i uzup.
260 ## - STREFA ADRESU WYDAWNICZEGO
Miejsce wydania Warszawa,
Data publikacji, dystrybucji/powstania dokumentu 1982.
700 1# - HASŁO DODATKOWE - NAZWA OSOBOWA
Nazwa osobowa KOŃCZYKOWSKI, Henryk.
700 1# - HASŁO DODATKOWE - NAZWA OSOBOWA
Nazwa osobowa KOTERAS, Zygmunt.
856 ## - LOKALIZACJA I DOSTĘP DO ELEKTRONICZNYCH DOKUMENTÓW ZDALNYCH
Link (URL) http://koha.tu.koszalin.pl/cgi-bin/koha/opac-detail.pl?biblionumber=20295
Tekst linku Katalog online BPK
942 ## - DODATKOWE ELEMENTY (KOHA)
Typ dokumentu Książka
Egzemplarze
Wycofany Status egzemplarza Uszkodzony Dostępność Lokalizacja stała Lokalizacja bieżąca Miejsce przechowywania Sygnatura Kod kreskowy Typ dokumentu Ostatnio wypożyczono
      Dostępny Biblioteka Politechniki Koszalińskiej Biblioteka Politechniki Koszalińskiej Wypożyczalnia BG 28630 02111742 Książka  
      Dostępny Biblioteka Politechniki Koszalińskiej Biblioteka Politechniki Koszalińskiej Wypożyczalnia BG 28631 01659993 Książka  
      Dostępny Biblioteka Politechniki Koszalińskiej Biblioteka Politechniki Koszalińskiej Wypożyczalnia BG 28631/L 01372847 Książka 30.03.2019
© 2023 Biblioteka Politechniki Koszalińskiej :: KOHA